[Event "Getxo op 2nd"]
[Site "Getxo"]
[Date "2017.09.10"]
[Round "4"]
[White "Michna, Christian"]
[Black "Iruzubieta Villaluenga, Jesus Maria"]
[Result "0-1"]
[WhiteElo "2273"]
[BlackElo "2426"]
[PlyCount "128"]
[EventDate "2017.09.09"]
[EventType "swiss"]
[EventRounds "9"]
[EventCountry "ESP"]
[SourceTitle "CBM 180 Extra"]
[Source "ChessBase"]
[SourceDate "2017.10.06"]
[SourceVersion "1"]
[SourceVersionDate "2017.10.06"]
[SourceQuality "1"]

1. e4 e5 2. Nf3 Nc6 3. c3 Nf6 4. d4 Nxe4 5. d5 Ne7 6. Nxe5 Ng6 7. Nxg6 hxg6 8. Be3 Be7 9. Be2 Nd6 10. g4 Bg5 11. Qc1 Bxe3 12. Qxe3+ Qe7 13. Qxe7+ Kxe7 14. Nd2 b6 15. 0-0 Bb7 16. Bf3 Rae8 17. c4 Kd8 18. Rfe1 g5 19. b3 Rxe1+ 20. Rxe1 Re8 21. Rxe8+ Kxe8 22. Kf1 f6 23. Ke2 Nf7 24. Be4 Ke7 25. Ke3 Kd6 26. Kd4 Ne5 27. h3 c5+ 28. Ke3 a6 29. Bg2 Bc8 30. f4 gxf4+ 31. Kxf4 Ke7 32. Be4 g5+ 33. Ke3 b5 34. Bf5 Bb7 35. Be4 Bc8 36. Bf5 bxc4 37. bxc4 a5 38. Bc2 Ba6 39. Bd3 d6 40. Be2 Bc8 41. Ne4 Ba6 42. Nd2 Nd7 43. Kd3 Nb6 44. Ke4 Nxd5 45. cxd5 Bxe2 46. Ke3 Bb5 47. a3 a4 48. Ke4 Ba6 49. Ke3 Bc8 50. Ne4 Ba6 51. Nd2 Bb5 52. Ke4 Be8 53. Ke3 Bg6 54. Nf3 Bc2 55. Ne1 Bd1 56. Ng2 Bb3 57. Ke4 Bc2+ 58. Ke3 f5 59. gxf5 Kf6 60. h4 Kxf5 61. hxg5 Kxg5 62. Kd2 Bb3 63. Ne3 Kf4 64. Kd3 Ke5 0-1

[Event "POR-chT"]
[Site "Leiria"]
[Date "2017.07.17"]
[Round "1.1"]
[White "Iruzubieta Villaluenga, Jesus Maria"]
[Black "Sousa, Andre Ventura"]
[Result "0-1"]
[WhiteElo "2428"]
[BlackElo "2368"]
[PlyCount "86"]
[EventDate "2017.07.17"]
[EventType "team-tourn"]
[EventRounds "9"]
[EventCountry "POR"]
[SourceTitle "CBM 179 Extra"]
[Source "ChessBase"]
[SourceDate "2017.08.23"]
[SourceVersion "1"]
[SourceVersionDate "2017.08.23"]
[SourceQuality "1"]
[WhiteTeam "Porto"]
[BlackTeam "Dias Ferreira"]
[WhiteTeamCountry "POR"]
[BlackTeamCountry "POR"]

1. e4 e5 2. Nf3 Nc6 3. d4 exd4 4. Nxd4 Qf6 5. Nxc6 Bc5 6. Qf3 dxc6 7. Nc3 Be6 8. Qg3 0-0-0 9. Be3 Bb6 10. Bd3 Qg6 11. Bxb6 axb6 12. 0-0-0 Nf6 13. Be2 Rxd1+ 14. Rxd1 Re8 15. Qxg6 hxg6 16. h4 b5 17. a3 Bd7 18. Bf3 c5 19. b4 c4 20. Re1 Bc6 21. Kd2 Nh5 22. g3 Kd7 23. a4 bxa4 24. b5 Bxb5 25. Nxb5 c6 26. Bg4+ Ke7 27. Bxh5 cxb5 28. Bf3 Kd6 29. c3 Kc5 30. Kc2 a3 31. e5 b6 32. Bg4 Rd8 33. e6 fxe6 34. Re5+ Rd5 35. Rxe6 a2 36. Re1 b4 37. cxb4+ Kxb4 38. Ra1 Ka3 39. Kc3 b5 40. Be2 Re5 41. Bg4 Rd5 42. Be2 Rd8 43. Bxc4 bxc4 0-1